| 000 | 01509 a2200193 4500 | ||
|---|---|---|---|
| 003 | Nust | ||
| 005 | 20230201114905.0 | ||
| 010 | _a51029432 | ||
| 040 | _cNust | ||
| 082 | _a808.83,LIE | ||
| 100 |
_aLieb, Clarence William _9108346 |
||
| 245 |
_aOutwitting your years / _cClarence William Lieb, |
||
| 260 |
_aKingswood, Surrey _bWorld’s Work _c1950 |
||
| 300 |
_aiii, 318 p _b19 cm |
||
| 505 | _aThe Good Do Not Die Young (Page-1), Fifty – Uppers (Page-11), Mind Sickness and its Cure (Page-23), Sex after Sixty (Page-33), Shall We Abolish Birthdays? (Page-43) Growing old Gracefully (Page-53) Soul Sickness and Its Cure (Page-61), Bridging the Gap (Page-71), Who Wants to Be Young? (Page-81), Religious Role in old – Age Happiness (Page-91), Why Retire? (Page-104), New Jobs for OLD (Page-117), The Age of Appreciation (Page-141), The Golden Decade (Page-151), Regulation (Page-161), Chang of Life in Women and Men (Page-175), So-Called Diseases of Old Age (Page-188), I Ve Got Blood Pressure (Page-201), Cancer not Part of the Ageing Process (Page-214), Freedom from Pain (Page-226), Bolts and Jolts (Page-238), Stop, Look Listen’ (Page-248), The Platter is More Deadly Than The Sword (Page-260), The Temperamental Colon (Page-269), Reducing Eight Hundred Pounds (Page-279), And Speaking of Exercise (Page-288), Its Fun to Be Old (Page-300), The Supreme Alchemy (Page-309). | ||
| 600 |
_aLieb, Clarence William _9108346 |
||
| 650 |
_aOutwitting your years _9108347 |
||
| 942 |
_2ddc _cBK _k808.83,LIE |
||
| 999 |
_c186377 _d186377 |
||